| 000 | 00509nam a2200169 i 4500 | ||
|---|---|---|---|
| 001 | 97781 | ||
| 003 | ES-MaACL | ||
| 005 | 20230906182147.0 | ||
| 007 | t| | ||
| 008 | 050718s1962 sp ||||1| spa d | ||
| 100 | 1 |
_aMarín Triana, Manuel. _976818 |
|
| 245 | 1 | 0 |
_aRemanso de peregrinos _b: meditaciones de esperanza / _cManuel Marín Triana S.J. |
| 250 | _a4ª ed. | ||
| 260 |
_aBilbao : _bEl Mensajero del Corazón de Jesús, _c1962. |
||
| 300 |
_a235 p. ; _c16 cm. |
||
| 852 |
_aES-MaACL _jC-22309 _bR.50826 |
||
| 999 |
_c97781 _d97781 |
||